01003nmm a2200289 a 4500003000900000005001700009008004100026040001300067110005300080245013100133250001200264260009200276300003700368600002700405650001500432650001400447650002000461650000800481650001400489653000900503655001500512700003800527700003600565700003200601710004300633710003700676AR-BaBNM20251128211052.0282020s1989 ||||||||||||||000 | spa|| cAR-BaBNM2 aCírculo Yoga Swami Pranavananda [Buenos Aires]10aHomenaje al célebre maestro Swami Pranavananda Saraswatib35 años de labor mundial humanitaria en testimonio fotográfico a1ª ed. aBuenos AiresbCírculo Yoga Swami PranavanandabMovimiento para la Paz Universalc19890 a702 p.=300 0#bfot., il., facs.04aPranavananda Saraswati 4aBIOGRAFIAS 4aHUMANISMO 4aSIGLO VEINTIUNO 4aPAZ 4aHINDUISMO 0aYOGA aBIOGRAFIAS1 aGnídica, María Rosaediseño1 aGuiñas, Héctorefotógrafo1 aGates, Angelikaeilustrador2 aInstituto para el progreso de la mujer2 aMovimiento para la paz universal